[Event "Chesscup Blitz 2020"]
[Site "Katowice"]
[Date "2020.09.12"]
[Round "7.6"]
[White "Sadzikowski, Daniel"]
[Black "Szczurek, Krzysztof"]
[Result "1-0"]
[WhiteElo "2413"]
[BlackElo "2091"]
[Annotator "TA"]
[PlyCount "115"]
[EventDate "2020.09.12"]
[EventType "swiss"]
[EventCountry "POL"]
[SourceTitle "playchess.com"]
[Source "ChessBase"]
[SourceQuality "1"]

{[%evp 17,115,9,32,37,46,43,73,60,61,57,98,89,87,95,101,77,73,60,113,93,132,110,83,99,129,132,172,181,141,147,160,151,165,171,155,122,120,86,95,61,116,120,134,108,116,109,108,105,106,9,14,14,15,4,46,73,112,104,90,0,194,196,313,318,331,197,286,292,293,285,374,370,358,345,462,408,564,558,533,543,537,518,494,471,462,432,390,406,468,464,434,128,128,137,841,734,1072,1024,1171,1138]} 1. e4 c5 2. Nf3 d6 3. Bb5+ Bd7 4. Bxd7+ Nxd7 5. O-O Ngf6 6. Qe2 e6 7. b3 Be7 8. Bb2 O-O 9. c4 e5 10. Nc3 {B52: Sicilian: Moscow Variation with 3...Bd7.} Nh5 11. g3 {[#]} Nhf6 $146 ({Predecessor:} 11... g6 12. Ne1 Qe8 13. Ng2 a6 14. Rae1 Rb8 15. Qd3 Ng7 16. f4 exf4 17. gxf4 Bf6 {1-0 (26) Reinderman,D (2561)-Van der Wiel,J (2558) Wijk aan Zee 2000}) 12. d3 {White is better.} Re8 13. Nh4 g6 14. Ng2 Bf8 15. Ne3 Bg7 16. Rae1 Rf8 17. Kh1 Nh5 (17... a6 $14) 18. Ncd5 Ndf6 19. Nxf6+ Nxf6 20. f4 exf4 21. gxf4 Nh5 {Black wants to play ...Qh4.} 22. Bxg7 Kxg7 23. f5 Qh4 {White must now prevent ...Ng3+.} 24. Rg1 {Hoping for fxg6.} Rae8 25. Ref1 {f6+! is the strong threat.} Kh8 26. Rg4 Qe7 27. Qf2 Qe5 28. Rh4 Rg8 (28... Qc3 $14) 29. Ng4 Qd4 30. Qxd4+ cxd4 31. Rh3 Rgf8 32. Rhf3 {Strongly threatening fxg6.} Kg7 {[#]} 33. b4 (33. f6+ $1 $16 Kh8 34. b4) 33... f6 $11 34. a4 $36 {[%mdl 2048] White fights for an advantage.} g5 35. Nf2 Nf4 36. Nh3 Ne2 37. R3f2 Nc3 38. a5 (38. Rg2 $16) 38... Re5 $2 (38... b5 $11 {and Black has nothing to worry.}) 39. Ng1 $18 g4 (39... Nxe4 $142 40. dxe4 Rc8) 40. Rg2 h5 41. h3 (41. Nf3 $142) 41... Kf7 (41... Nxe4 $142 42. dxe4 (42. hxg4 Ng5 $14) 42... Rxe4) 42. hxg4 hxg4 43. Rxg4 Rh8+ 44. Kg2 Ree8 45. Nf3 b6 46. a6 Reg8 47. Rxg8 Rxg8+ {[%mdl 4096] Endgame KRN-KRN} 48. Kf2 Na2 49. b5 Nb4 50. Ne1 Rh8 51. Rg1 Rh2+ {[#]} 52. Rg2 $1 {[%cal Rg2h2]} Rh1 53. Ke2 Rh3 54. Rf2 $2 (54. Nf3 $18 {has better winning chances.}) 54... Re3+ $16 55. Kd2 {Threatens to win with Rf3.} Ke7 $2 {[%mdl 8192]} (55... Rxe1 $16 56. Kxe1 Nxd3+ 57. Kf1 Nxf2 58. Kxf2 Kg7) 56. Rh2 {White is clearly winning.} Kf8 57. Rh7 Rg3 58. Rxa7 {Accuracy: White = 74%, Black = 44%.} 1-0

[Event "Chesscup Blitz 2020"]
[Site "Katowice"]
[Date "2020.09.12"]
[Round "7.7"]
[White "Krasenkow, Michal"]
[Black "Grochol, Kamil"]
[Result "1-0"]
[WhiteElo "2605"]
[BlackElo "1945"]
[Annotator "TA"]
[PlyCount "48"]
[EventDate "2020.09.12"]
[EventType "swiss"]
[EventCountry "POL"]
[SourceTitle "playchess.com"]
[Source "ChessBase"]
[SourceQuality "1"]

{[%evp 9,48,25,18,18,37,0,0,0,14,13,100,95,96,91,93,95,109,108,114,115,115,104,110,104,129,115,118,110,112,108,112,122,118,115,130,118,164,146,244,252,227]} 1. d4 d5 2. c4 e6 3. Nc3 a6 4. cxd5 exd5 5. Nf3 Nf6 6. Bg5 {D37: Queen's Gambit Declined: 5 Bf4.} Be6 7. Bxf6 Qxf6 8. Qb3 {The position is equal.} Ra7 9. g3 Nd7 (9... Bd6 $11 {keeps the balance.}) 10. Nxd5 $16 {[#] White leaves nothing to chance now.} Bxd5 $146 ({Predecessor:} 10... Qd8 11. Qe3 c5 12. Nc3 Nb6 13. O-O-O Nc4 14. Qd3 b5 15. d5 Bc8 16. e4 Bd6 {1-0 (66) Livaic,L (2507)-Grachev,B (2612) chess.com INT 2020}) 11. Qxd5 Bb4+ 12. Kd1 Nb6 13. Qe5+ Qxe5 14. Nxe5 O-O 15. Kc2 Bd6 16. Nd3 f5 17. Bg2 c6 18. e4 fxe4 19. Bxe4 Raa8 20. Rae1 Rae8 21. f4 Rd8 22. Bg2 Bc7 23. Re7 Rc8 (23... Rf7 $16 24. Rhe1 Bd6 25. Re8+ Rf8) 24. Bh3 $18 {aiming for Be6+.} Nd5 {Accuracy: White = 92%, Black = 68%.} 1-0

[Event "Chesscup Blitz 2020"]
[Site "Katowice"]
[Date "2020.09.12"]
[Round "7.8"]
[White "Nasuta, Grzegorz"]
[Black "Sztwiertnia, Jan Krzysztof"]
[Result "1-0"]
[WhiteElo "2553"]
[BlackElo "2113"]
[Annotator "TA"]
[PlyCount "45"]
[EventDate "2020.09.12"]
[EventType "swiss"]
[EventCountry "POL"]
[SourceTitle "playchess.com"]
[Source "ChessBase"]
[SourceQuality "1"]

{[%evp 22,45,27,33,37,35,74,64,52,45,51,36,99,92,313,318,417,433,697,696,838,341,350,338,337,338]} 1. e4 e5 2. Nf3 Nc6 3. Bc4 Bc5 4. O-O Nf6 5. d3 d6 6. c3 h6 7. Bb3 O-O 8. h3 a6 9. Re1 Ba7 10. Nbd2 Ne7 11. Nf1 Ng6 12. Ng3 c6 {C54: Giuoco Piano: 4 c3 Nf6, main lines with 5 d4 and 5 d3.} 13. d4 Qc7 14. Bc2 Re8 {White is slightly better.} 15. Be3 Be6 16. Qe2 {[#]} Rad8 $146 (16... c5 $14) ({Predecessor:} 16... b5 17. a4 Bb6 18. Rad1 Rad8 19. Rd2 Nf4 20. Qd1 c5 21. b4 cxd4 22. cxd4 Ng6 {½-½ (75) Zhigalko,A (2586)-Bakunts,R (2270) Yerevan 2015}) 17. dxe5 $16 Bxe3 $2 {[#]} (17... dxe5 $16 18. Bxa7 c5) 18. exf6 $18 ({Worse is} 18. Qxe3 dxe5 19. b3 Nh7 $11) 18... Ba7 19. Nh5 b5 (19... gxf6 $142 20. Qd2 Kf8 21. Nxf6 Kg7) 20. Nxg7 Rf8 21. Nxe6 (21. Qd2 $142 Kh7 {[#]} 22. Nh4 $1 {[%mdl 512]} Nxh4 23. e5+ Ng6 24. Nxe6 dxe5 25. Nxf8+ (25. Nxc7 Rxd2 26. Bxg6+ Kxg6 $17) 25... Rxf8 26. Rad1) 21... fxe6 22. e5 Nf4 23. Qe4 {Black did not feel at home in the position after the opening. Accuracy: White = 79%, Black = 22%.} 1-0

[Event "Chesscup Blitz 2020"]
[Site "Katowice"]
[Date "2020.09.12"]
[Round "7.9"]
[White "Cap, Piotr"]
[Black "Koziak, Vitali"]
[Result "0-1"]
[WhiteElo "2010"]
[BlackElo "2434"]
[Annotator "TA"]
[PlyCount "74"]
[EventDate "2020.09.12"]
[EventType "swiss"]
[EventCountry "POL"]
[SourceTitle "playchess.com"]
[Source "ChessBase"]
[SourceQuality "1"]

{[%evp 14,74,20,20,42,7,17,-12,38,-2,25,23,25,0,31,22,18,0,0,0,0,-15,-23,-29,0,-16,-9,-39,-14,-47,40,43,64,37,131,129,143,91,177,181,168,172,164,102,115,113,129,147,348,327,310,-172,-189,-162,-160,-250,-262,-209,8,-753,-726,-1575,-1500]} 1. d4 f5 2. Nf3 Nf6 3. g3 g6 4. Bg2 Bg7 5. O-O O-O 6. c4 d6 7. b3 Ne4 8. Bb2 Nc6 {A87: Dutch Defence: Leningrad System: 5 Nf3.} 9. e3 {9.Nc3 is the modern continuation.} e5 10. d5 (10. a3 {keeps more tension.} a5 11. Qc2 Bd7 12. Rd1 Qe7 13. h4) 10... Ne7 {[#] The position is equal.} 11. Nfd2 $146 ({Predecessor:} 11. Nc3 Nxc3 12. Bxc3 h6 13. Ne1 g5 14. f4 Ng6 15. Qh5 Kh7 16. Nd3 Qe7 17. Rae1 gxf4 18. exf4 {½-½ (31) Vucenovic,D (2154)-Westerinen,H (2296) Mali Losinj 2019}) 11... Nxd2 12. Nxd2 g5 13. e4 g4 14. exf5 Nxf5 15. Ne4 Nd4 16. Bxd4 exd4 17. a4 Bf5 18. Ra2 h6 19. Re2 Qd7 20. Rfe1 Rae8 21. f3 Kh8 (21... gxf3 $15 22. Bxf3 Qf7) 22. f4 $14 Qf7 23. Nf2 h5 (23... d3 $1 $14 24. Nxd3 Bc3) 24. Be4 $16 Bd7 25. Bd3 (25. Qb1 $142) 25... h4 (25... Rxe2 $16 26. Rxe2 (26. Qxe2 Re8 $14) 26... Bf6) 26. Rxe8 $18 Rxe8 27. Rxe8+ Qxe8 28. Ne4 ({Much worse is} 28. gxh4 $6 Qe3 $11) (28. f5 $18) 28... Bf5 29. Qe2 Qg6 30. Nf2 h3 $2 (30... Bxd3 $16 {might work better.} 31. Nxd3 (31. Qxd3 Qxd3 32. Nxd3 Kh7 $16) 31... Kh7) 31. Bxf5 Qxf5 32. Qe4 $4 {[%mdl 8192]} (32. Nxg4 d3 $14) (32. Qxg4 $18 Qb1+ 33. Qd1 Qxd1+ 34. Nxd1) 32... Qxe4 $19 33. Nxe4 d3 $1 34. Kf1 {[#]} (34. a5 $17) 34... Bd4 $1 35. Ke1 {[#]} Bg1 $2 (35... Kg7 $1 $19 36. Nd2 (36. Kd2 Bg1 $17) 36... Kf6) 36. Kd2 $2 {[%mdl 8192]} (36. Nd2 $11) 36... Bxh2 37. Kxd3 Bg1 {Accuracy: White = 44%, Black = 52%.} 0-1

[Event "Chesscup Blitz 2020"]
[Site "Katowice"]
[Date "2020.09.12"]
[Round "7.10"]
[White "Socko, Monika"]
[Black "Rudnik, Anna"]
[Result "1-0"]
[WhiteElo "2289"]
[BlackElo "1774"]
[Annotator "TA"]
[PlyCount "73"]
[EventDate "2020.09.12"]
[EventType "swiss"]
[EventCountry "POL"]
[SourceTitle "playchess.com"]
[Source "ChessBase"]
[SourceQuality "1"]

{[%evp 9,73,4,37,27,54,20,52,61,97,94,109,108,113,98,96,83,104,37,125,89,135,95,169,164,169,156,179,135,135,114,204,32,0,0,45,49,41,50,106,106,104,110,102,102,110,110,99,117,97,113,329,322,308,293,292,295,29989,1742,29990,29991,29991,29992,29992,29992,29992,29993]} 1. d4 Nf6 2. c4 e6 3. Nf3 b6 4. a3 Bb7 5. Nc3 d6 6. g3 {E12: Queen's Indian: Unusual White 4th moves, 4 a3, 4 Nc3 Bb7 5 a3 and 4 Nc3 Bb7 .} Nbd7 7. Bg2 c5 {[#]} 8. d5 $146 {White is slightly better.} ({Predecessor:} 8. O-O a6 9. Re1 Qc7 10. b3 cxd4 11. Qxd4 Be7 12. Bb2 O-O 13. Rac1 Rac8 14. e4 {1-0 (58) Poeck,O-Petersen,W Pinneberg 2001}) 8... e5 9. O-O g6 10. e4 Bg7 11. Ne1 O-O 12. Nd3 h6 13. f4 (13. Rb1 $16) 13... Nh7 (13... exf4 $1 $14 14. Bxf4 Qe7) 14. Bd2 Qe7 15. Qf3 f5 (15... Ba6 $16) 16. Rae1 $18 Ba6 17. b3 Rae8 18. Kh1 Bc8 19. Nb5 a6 {[#]} (19... Ndf6 $16) 20. Nc7 $2 ({Only move:} 20. Na7 $1 $18) 20... fxe4 $14 21. Rxe4 Ndf6 (21... Ng5 $5 22. fxg5 Rxf3 23. Bxf3 (23. Rxf3 Rf8 $17) 23... Rf8 $14) 22. Nxe8 Nxe4 23. Qxe4 Bf5 (23... Qxe8 $14 24. fxe5 Rxf1+ 25. Bxf1 dxe5) 24. Qe2 $16 Rxe8 25. fxe5 Bxe5 26. Nxe5 ({Much weaker is} 26. Bxh6 Bg7 $11) 26... Qxe5 27. Qxe5 Rxe5 {[#]} 28. Bf4 $1 {[%cal Rf4e5]} Re2 29. Bxd6 Bc2 $2 {A mistake that costs the game.} (29... Nf6 $16) 30. Bc7 $18 {aiming for d6.} Bxb3 31. d6 ({Less strong is} 31. Bxb6 Bxc4 32. d6 (32. Bxc5 Rxg2 33. Kxg2 Bxf1+ 34. Kxf1 Nf6 $14) 32... Nf8 $14) 31... Rd2 32. Bd5+ $1 ({Not} 32. Bxb6 Bxc4 33. Rc1 Bd5 $16) 32... Kg7 $2 (32... Rxd5 $18 33. cxd5 Bxd5+ 34. Kg1 Be6 35. Bxb6 c4) 33. Rf7+ (33. d7 $142 Rxd5 34. cxd5 Bxd5+ 35. Kg1 Ng5 36. Be5+ Kh7 37. Rf8 Nh3+ 38. Kf1) 33... Kh8 34. d7 {White mates.} Rd1+ 35. Kg2 Rd2+ 36. Kf1 Bxc4+ 37. Bxc4 {Accuracy: White = 64%, Black = 40%.} 1-0

[Event "Chesscup Blitz 2020"]
[Site "Katowice"]
[Date "2020.09.12"]
[Round "8.1"]
[White "Jakubowski, Krzysztof"]
[Black "Janik, Igor"]
[Result "0-1"]
[WhiteElo "2481"]
[BlackElo "2470"]
[Annotator "TA"]
[PlyCount "154"]
[EventDate "2020.09.12"]
[EventType "swiss"]
[EventCountry "POL"]
[SourceTitle "playchess.com"]
[Source "ChessBase"]
[SourceQuality "1"]

{[%evp 13,154,0,4,-13,-8,-9,-8,-4,-8,0,0,0,13,13,17,0,0,0,10,0,0,-11,-12,-17,0,-8,0,0,0,0,0,0,0,0,13,8,88,16,57,74,69,58,59,16,70,62,69,64,102,109,113,99,99,96,92,89,88,85,121,116,122,119,175,125,115,82,79,16,26,2,2,0,34,0,89,85,90,85,177,182,233,69,75,82,175,165,176,22,16,0,93,50,111,0,0,0,0,0,0,0,0,-60,0,0,0,-8,0,0,0,0,0,0,0,-8,-8,-27,-27,-181,-149,-293,-284,-314,-3,-138,0,0,0,-8,0,-25,-3,-4,-4,-8,-8,-8,-2,-12,-12,-29978,-29979,-29982,-29977]} 1. d4 Nf6 2. c4 e6 3. Nc3 Bb4 4. Nf3 Bxc3+ 5. bxc3 b6 6. Bg5 Bb7 7. e3 d6 8. Bd3 {E12: Queen's Indian: Unusual White 4th moves, 4 a3, 4 Nc3 Bb7 5 a3 and 4 Nc3 Bb7 .} Nbd7 9. O-O h6 10. Bxf6 {The position is equal.} Qxf6 11. Nd2 Qe7 {[#]} (11... O-O {looks sharper.} 12. f4 e5 13. Qc2 Qe7 14. Rae1 Rfe8) 12. f4 $146 ({Predecessor:} 12. Be4 Bxe4 13. Nxe4 O-O 14. f4 Rac8 15. Qf3 c5 16. Nd2 f5 17. e4 fxe4 18. Qxe4 {½-½ (54) Barc,M (1854)-Potocki,K (1874) Warsaw 2013}) 12... f5 13. e4 fxe4 14. Bxe4 Bxe4 15. Nxe4 O-O 16. Qh5 Rf5 17. Qh3 Raf8 18. g3 d5 19. Nd2 Qd6 20. Rfe1 c5 21. Rad1 cxd4 22. cxd4 Nf6 23. Qg2 Rd8 24. Qe2 Kf7 (24... Rc8 $11) 25. Nf3 ({Better is} 25. cxd5 $1 $16 Qxd5 26. Nc4) 25... Ne4 {White should prevent ...Nc3.} 26. cxd5 exd5 27. Rc1 Kg8 28. Qb5 Qd7 (28... Qa3 $11 29. Qb3 Qxb3 30. axb3 a5) 29. Qxd7 $14 Rxd7 30. Ne5 $36 {[%mdl 2048] White is pushing.} Re7 31. Rc8+ Kh7 32. Rh8+ {[%mdl 64] Decoy} Kxh8 33. Ng6+ {[%mdl 64] Double Attack} Kh7 34. Nxe7 $16 {[%mdl 4096] Endgame KRN-KRN} Rf7 35. Nxd5 Nd2 {aiming for ...Nf3+.} 36. Rd1 Nc4 37. Kf2 Kg6 (37... Rd7 $16 {was necessary.}) 38. h4 Rd7 39. Nc3 Nb2 40. Rd2 (40. Rb1 $16 Nc4 41. d5) 40... Nc4 $11 41. Rd3 Nb2 $1 {[%cal Rb2d3]} 42. Rd2 Nc4 43. Rd1 (43. Rc2 $14) 43... Nb2 $1 $16 {[%cal Rb2d1]} 44. Rb1 Nc4 45. d5 Rc7 (45... h5 $16 {keeps fighting.}) 46. Ne4 $18 Kf5 (46... Re7 $142) 47. Re1 $2 (47. Kf3 $18) 47... Rd7 $1 $14 48. Nc3 Kf6 (48... b5 $16) 49. h5 $18 b5 {[#]} 50. Nxb5 $2 (50. Ne4+ $1 $18 Kf7 51. Rd1) 50... Rxd5 $11 {[%mdl 64] Double Attack} 51. Nc3 Ra5 (51... Rxh5 $11 52. Ne4+ Kg6) 52. Re4 Nd6 (52... Nb6 $14) 53. Rb4 (53. Rd4 $16 Ne8 54. Ra4 Rxa4 55. Nxa4) 53... Rxh5 54. Ra4 Rc5 55. Ne2 a5 56. Nd4 Rc3 57. Nb3 (57. g4 $11) 57... Rc2+ (57... Kf5 $1 $15 58. Nd2 Rc2) 58. Kf3 Rc3+ 59. Kg2 Nf5 60. Rxa5 Rxg3+ 61. Kf2 {Strongly threatening Rxf5+!} Rh3 (61... Rc3 {is more complex.} 62. Nd2 Ng3 63. a4 Ra3 64. Re5 Nf5) 62. Ra6+ Kf7 63. Ra7+ Kg6 64. Nc5 Kh5 65. a4 $2 (65. Ra6 $11) 65... Kg4 $19 66. a5 (66. Ra5 $17) 66... Ra3 ({And not} 66... Kxf4 67. Ne6+ Ke4 68. Nxg7 $11) 67. a6 Kxf4 $2 ({Black should try} 67... Ra2+ $19 68. Ke1 h5) 68. Rf7 {[#]} (68. Ne6+ $11 {keeps the balance.} Ke4 69. Nxg7) 68... Ke5 (68... g5 $1 $17 {[%cal Rg5g4] ...g4 is the strong threat.} 69. Rb7 Ra2+ 70. Kg1 g4) 69. a7 $11 Nd6 70. Re7+ Kd5 71. Nb3 (71. Nd3 {is interesting.} g5 72. Nb4+ Kc5 73. Nd3+ Kd4 74. Nb4) 71... Nc8 (71... g5 {feels hotter.} 72. Nd2 Ra2 73. Kf3 Ra4 74. Kf2 Nb5) 72. Rxg7 Nxa7 73. Nd2 Ra2 74. Ke3 Nc6 75. Rh7 Ne5 76. Rxh6 $2 {[%mdl 8192]} (76. Rb7 $11) 76... Ng4+ {[%mdl 64] Double Attack} 77. Kd3 Nxh6 {What a fight! Accuracy: White = 60%, Black = 70%.} 0-1

[Event "Chesscup Blitz 2020"]
[Site "Katowice"]
[Date "2020.09.12"]
[Round "8.2"]
[White "Piorun, Kacper"]
[Black "Sadzikowski, Daniel"]
[Result "1-0"]
[WhiteElo "2596"]
[BlackElo "2413"]
[Annotator "TA"]
[PlyCount "91"]
[EventDate "2020.09.12"]
[EventType "swiss"]
[EventCountry "POL"]
[SourceTitle "playchess.com"]
[Source "ChessBase"]
[SourceQuality "1"]

{[%evp 9,91,9,6,10,7,10,10,8,17,5,17,0,4,0,0,0,14,0,29,21,7,20,23,27,64,40,61,30,93,40,92,40,34,36,41,24,121,104,126,85,104,80,81,83,87,100,118,113,110,109,106,93,164,108,221,147,139,152,216,219,206,220,218,202,193,179,185,166,639,238,168,54,54,35,35,31,40,27,31,15,635,637,29997,29998]} 1. d4 Nf6 2. Nf3 e6 3. e3 b6 4. b3 Bb7 5. Bb2 c5 6. Bd3 {A47: 1 d4 Nf6 2 Nf3 b6: Torre, London and Colle Systems.} cxd4 7. exd4 Be7 8. O-O {The position is equal.} O-O 9. Qe2 Nc6 10. a3 Re8 11. Nbd2 $1 Bf8 12. Rfe1 {[#]} Nd5 $146 ({Predecessor:} 12... Rc8 13. Rad1 Ne7 14. c4 d5 15. Ne5 g6 16. Ndf3 Nf5 17. Ng5 Nd6 18. Qe3 Rc7 {0-1 (25) Moskow,E (2200)-Bogner,S (2178) Gausdal 2004}) 13. g3 Nf6 14. Ne4 Nxe4 15. Qxe4 {[%csl Gd3][%cal Re4h7] [#]} f5 16. Qe3 Ne7 17. c4 Ng6 18. Bf1 d5 (18... Rc8 $11 {keeps the balance.}) 19. Bg2 ({White should play} 19. c5 $16) 19... Rc8 (19... f4 $14 20. Qe2 (20. gxf4 Qf6 $15) 20... dxc4) 20. Rac1 ({Better is} 20. Ng5 $16) 20... dxc4 $14 21. bxc4 {[%cal Bb3c4,Bc4d5][%mdl 32]} Qd7 22. Qb3 Kh8 {[#]} (22... Be7 $11) 23. h4 $1 $16 Bxf3 24. Bxf3 Ne7 {[%cal Bg6e7,Be7c8,Bc8d6][%mdl 32]} 25. d5 exd5 26. cxd5 Rxc1 27. Rxc1 Nc8 28. h5 h6 29. Rc6 {White threatens Rxh6+ and mate.} Nd6 30. Qc2 Qe7 (30... Kg8 $16) 31. Kg2 (31. Rc7 $18 Qe1+ 32. Kg2) 31... Qg5 (31... Rd8 $16 32. Qd2 Kg8) 32. Bc1 Qf6 33. Bf4 Qd8 (33... Rd8 $16 {keeps fighting.} 34. a4 Qf7) 34. Bxd6 $18 Bxd6 35. Qxf5 Rf8 36. Qg6 {Threatening mate with Be4.} Rf6 37. Qg4 {And now Rc8! would win.} Rf8 38. Qe6 Bxa3 $2 (38... Qf6 39. Qe4 Kg8) 39. Be4 $2 $40 {[%mdl 128] White is out for blood.} (39. d6 {Black must now prevent d7.} Qf6 40. Qd5 (40. Qxf6 gxf6 41. d7 Rd8 $18)) 39... Qf6 40. Qxf6 (40. f4 $18) 40... Rxf6 {[%mdl 4096] Endgame KRB-KRB} 41. Rc7 a5 42. Bg6 Bc5 43. f4 a4 44. Bf7 {aiming for Rc8+.} g5 $2 {[%mdl 8192]} (44... Kh7 $11) 45. hxg6 {Intending Rc8+ and mate.} a3 46. Rc8+ {Accuracy: White = 70%, Black = 56%.} 1-0

[Event "Chesscup Blitz 2020"]
[Site "Katowice"]
[Date "2020.09.12"]
[Round "8.3"]
[White "Klekowski, Maciej"]
[Black "Golubka, Petro"]
[Result "0-1"]
[WhiteElo "2511"]
[BlackElo "2488"]
[Annotator "TA"]
[PlyCount "14"]
[EventDate "2020.09.12"]
[EventType "swiss"]
[EventCountry "POL"]
[SourceTitle "playchess.com"]
[Source "ChessBase"]
[SourceQuality "1"]

{[%evp 9,14,35,41,32,63,57,67]} 1. c4 b5 2. cxb5 a6 3. bxa6 Bxa6 4. d4 Nf6 5. Nc3 e6 {[#] White is slightly better.} 6. e3 $146 {A10: English Opening: Unusual Replies for Black.} ({Predecessor:} 6. Nf3 c5 7. d5 exd5 8. Nxd5 Nxd5 9. Qxd5 Nc6 10. Ne5 Nxe5 11. Qxe5+ Be7 12. Qxg7 Bf6 13. Qg3 Qb6 14. Qe3+ Kd8 15. Qd2 Re8 16. e3 c4 17. Be2 c3 18. bxc3 {1-0 (48) Wintzer,J (2335)-Podzielny,K (2455) Bonn 1995}) 6... Qc8 7. Bxa6 Qxa6 {[%mdl 32768] Loss on time!?} 0-1

[Event "Chesscup Blitz 2020"]
[Site "Katowice"]
[Date "2020.09.12"]
[Round "8.4"]
[White "Miton, Kamil"]
[Black "Flak, Pawel"]
[Result "1-0"]
[WhiteElo "2590"]
[BlackElo "2157"]
[Annotator "TA"]
[PlyCount "65"]
[EventDate "2020.09.12"]
[EventType "swiss"]
[EventCountry "POL"]
[SourceTitle "playchess.com"]
[Source "ChessBase"]
[SourceQuality "1"]

{[%evp 18,65,47,42,52,61,67,36,85,88,86,25,78,0,94,67,73,26,35,24,84,72,105,95,156,146,214,222,377,315,323,333,382,337,384,320,837,825,829,818,1211,1191,1210,1151,2037,2195,29991,29981,29993,29994]} 1. d4 b6 2. Nf3 Bb7 3. g3 Nf6 4. Bg2 e6 5. c4 Be7 6. O-O O-O 7. Re1 d6 8. d5 e5 9. e4 Nbd7 10. Nc3 a5 {E17: Queen's Indian: 4 g3 Bb7 5 Bg2 Be7.} 11. b3 Ne8 12. Be3 {[#]} g6 $146 {White is slightly better.} ({Predecessor:} 12... Nc5 13. Qc2 Bc8 14. Nd2 f5 15. exf5 Bxf5 16. Nde4 Nf6 17. Nxf6+ Rxf6 18. Ne4 Rf7 {0-1 (65) Schirowski,C-Zinser,M Germany 2001}) 13. Bh6 Ng7 14. Bc1 (14. Qc2 $16) 14... Ne8 (14... Bc8 $11 {keeps the balance.}) 15. Bh6 Ng7 16. Qd2 Nc5 17. Rab1 Bc8 $1 18. a3 {[%cal Ba2a3,Ba3b4][%mdl 32]} f6 (18... f5 $11) 19. b4 $36 {[%mdl 2048] White is on the roll.} axb4 20. axb4 Nd7 (20... Nb7 $142) 21. Ra1 Bb7 (21... Ba6 $16) 22. Bh3 $18 Re8 $2 {[#]} (22... Ra6 {was worth a try.} 23. Rxa6 Bxa6 24. Be6+ Kh8) 23. Rxa8 Bxa8 24. Ra1 Nf8 25. Nb5 Qb8 26. Qa2 c5 $2 (26... Bb7 27. Qa7 f5 28. Bxg7 Kxg7 29. exf5 e4) 27. dxc6 Bxc6 28. c5+ d5 29. exd5 Bxb5 30. d6+ {[%mdl 64] [#] Discovered Attack} Kh8 31. Qf7 {[%csl Gf7][%cal Rh6g7][%mdl 64] Double Attack} Nfe6 32. dxe7 Rg8 33. Bxe6 {Accuracy: White = 75%, Black = 28%.} 1-0

[Event "Chesscup Blitz 2020"]
[Site "Katowice"]
[Date "2020.09.12"]
[Round "8.5"]
[White "Krasenkow, Michal"]
[Black "Teclaf, Pawel"]
[Result "0-1"]
[WhiteElo "2605"]
[BlackElo "2464"]
[Annotator "TA"]
[PlyCount "81"]
[EventDate "2020.09.12"]
[EventType "swiss"]
[EventCountry "POL"]
[SourceTitle "playchess.com"]
[Source "ChessBase"]
[SourceQuality "1"]

{[%evp 14,81,57,47,62,50,47,68,85,93,93,88,99,41,80,25,125,97,120,60,133,147,142,141,155,165,146,150,147,141,147,21,30,37,24,24,39,16,63,18,21,23,31,19,19,19,18,19,30,0,0,0,0,0,0,-29,-35,-911,-883,-841,-834,-822,-822,-1573,-1573,-1464,-912,-29972,-29971,-29975]} 1. Nf3 c5 2. c4 b6 3. d4 cxd4 4. Nxd4 Bb7 5. Nc3 Nf6 6. f3 e6 7. e4 d6 {7...Nc6 might become the main line.} 8. Be3 a6 {A31: Symmetrical English: 2 Nf3 Nf6 3 d4.} 9. Qd2 Nbd7 10. g4 Ne5 {White is slightly better.} 11. g5 Nfd7 12. f4 Nc6 {[#]} 13. Bg2 $146 ({Better is} 13. O-O-O $16) ({Predecessor:} 13. Nxc6 Bxc6 14. Bg2 Be7 15. O-O O-O 16. h4 b5 17. cxb5 axb5 18. Rfc1 Rc8 19. Rc2 {½-½ (31) Pritchett,C (2312)-Mannion,S (2358) Grangemouth 2003}) 13... Rc8 14. b3 (14. Nxc6 $16 Bxc6 15. O-O) 14... g6 (14... Nxd4 $11 15. Bxd4 (15. Qxd4 h6 $11) 15... h6) 15. h4 Bg7 16. h5 (16. Nde2 $16) 16... Nxd4 (16... b5 $1 $14) 17. Bxd4 $16 e5 18. h6 Bf6 19. gxf6 exd4 20. Qxd4 b5 21. Qxd6 {Hoping for Bh3.} bxc4 22. b4 (22. Bh3 $16 Rc6 23. Qd4) 22... Qxf6 $11 23. Qxf6 Nxf6 24. O-O-O Ke7 25. Rd4 Rcd8 26. Rxc4 {Threatens to win with Bh3.} (26. Rhd1 {with more complications.} Rxd4 27. Rxd4 Nh5 28. Rxc4 Rd8 29. Nd5+) 26... Rc8 27. Rxc8 Rxc8 28. Kb2 Rd8 29. Kc2 Rd4 30. a3 Nxe4 {[#] White must now prevent ...Rd2+.} 31. Re1 {[%cal Rg2e4]} f5 {Strongly threatening ...Rd2+.} 32. Nxe4 fxe4 {[%mdl 4096] Endgame KRB-KRB} 33. Re3 {[#]} Rd3 $1 {[%mdl 512]} 34. Re2 (34. Rxd3 exd3+) 34... Rxa3 35. Bxe4 $2 {[%mdl 8192]} (35. Kb2 $15 Rd3 36. Bxe4 Bxe4 37. Rxe4+ Kd7 38. Re5) 35... Ra2+ $19 36. Kd3 Rxe2 37. Bxb7 Ra2 38. Kc3 a5 39. Kb3 Ra1 40. Kb2 Ra4 41. Ba6 {Never resign too early! Accuracy: White = 51%, Black = 80%.} 0-1